100 plus grandes communes de Gironde - Statistiques

Statistiques générales
  • Ce quiz a été pris 435 fois
  • Le résultat moyen est 46 sur 100
Statistiques - réponses
Commune Nombre d'habitants % Correct
Bordeaux 254 436
99%
Pessac 63 808
95%
Mérignac 70 105
94%
Arcachon 11 284
92%
Talence 42 606
88%
Libourne 24 845
87%
Bègles 28 601
83%
Cenon 24 729
83%
Lormont 23 538
78%
La Teste de Buch 26 078
76%
Villenave-d'Ornon 34 090
76%
Langon 7 375
74%
Saint-Médard-en-Jalles 31 145
74%
Floirac 17 463
72%
Lacanau 4 914
71%
Bruges 17 924
70%
Blanquefort 15 833
68%
Le Bouscat 23 824
68%
Blaye 4 835
67%
Cestas 16 922
67%
Gradignan 25 552
67%
Eysines 23 462
66%
Gujan-Mestras 21 152
65%
Biganos 10 706
61%
Lège-Cap-Ferret 8 409
60%
Lesparre-Médoc 5 801
59%
Saint-andré-de-Cubzac 11 464
56%
Le Haillan 11 018
54%
Léognan 10 372
54%
Andernos-les-Bains 11 645
51%
Arès 6 308
50%
Cadillac 2 789
50%
Saint-Jean-d'Illac 8 377
50%
Bazas 4 772
49%
Bouliac 3 631
49%
Créon 4 697
49%
Hourtin 3 506
49%
Soulac-sur-Mer 2 811
49%
Ambarès-et-Lagrave 16 344
48%
Pauillac 4 841
48%
Cadaujac 6 097
47%
La Réole 4 356
47%
Le Teich 7 906
47%
Marcheprime 4 724
47%
Mios 9 959
47%
La Bréde 4 280
46%
Carbon-Blanc 8 091
45%
Le Taillan-Médoc 10 096
45%
Sainte-Eulalie 4 631
45%
Le Porge 3 185
44%
Parempuyre 8 709
44%
Ambès 3 128
41%
Artigues-près-Bordeaux 8 639
41%
Bassens 7 278
41%
Belin-Béliet 5 529
41%
Canéjan 5 539
40%
Salles 7 028
40%
Audenge 7 993
39%
Coutras 8 606
38%
Latresne 3 497
38%
Lanton 6 912
37%
Castillon-la-Bataille 3 166
36%
Saint-Loubés 9 509
36%
Le Barp 5 506
35%
Martignas-sur-Jalles 7 386
35%
Tresses 4 610
35%
Le Pian-Médoc 6 649
34%
Izon 5 810
33%
Podensac 3 215
32%
Saint-Hélène 2 797
32%
Martillac 3 067
31%
Saint-Aubin-de-Médoc 7 362
30%
Vayres 3 956
30%
Fargues-Saint-Hilaire 2 889
29%
Yvrac 2 812
29%
Macau 4 225
28%
Saucats 3 056
28%
Ludon-Médoc 4 771
27%
Arsac 3 592
26%
Camblanes-et-Meynac 2 885
26%
Castelnau-de-Médoc 4 778
26%
Carignan-de-Bordeaux 3 859
24%
Montussan 3 212
24%
Sadirac 4 244
24%
Saint-Caprais-de-Bordeaux 3 222
24%
Saint-Laurent-Médoc 4 673
24%
Saint-Médard-d'Eyrans 2 971
24%
Saint-Sulpice-et-Cameyrac 4 614
24%
Galgon 3 014
22%
Pompignac 2 980
22%
Saint-Denis-de-Pile 5 535
20%
Saint-Savin 3 208
20%
Saint-Ciers-sur-Gironde 3 012
18%
Saint-Selve 3 026
18%
Avensan 2 953
17%
Pineuilh 4 394
17%
Saint-Seurin-sur-l'Isle 3 155
17%
Laruscade 2 765
16%
Margaux-Cantenac 2 965
13%
Val de Virvée 3 512
10%
Aucun quiz correspondant
Distribution des résultats
% des personnes avec chaque résultat
Percentile par nombre de réponses
Votre historique - résultats
Vous n’avez pas pris ce quiz